¿cómo crecen? /
Guardado en:
| Autor Principal: | |
|---|---|
| Formato: | Libro |
| Publicado: |
Buenos Aires :
Aique,
1989
|
| Series: | La bibliotequita
|
| Materias: | |
| Etiquetas: |
Agregar Etiqueta
Sin Etiquetas, Sea el primero en etiquetar este registro!
|
| LEADER | 00599nam a22002055a 4500 | ||
|---|---|---|---|
| 001 | CEM.cems012533 | ||
| 005 | 20070424155225.0 | ||
| 008 | 130507s1989##################000#0#####d | ||
| 003 | CEMS | ||
| 020 | |a 9509003891 | ||
| 082 | 0 | 4 | |a 372.85 |
| 100 | 1 | |a Tornadú, Beatriz | |
| 245 | 1 | 0 | |a ¿cómo crecen? / |c Beatriz Tornadú |
| 260 | |a Buenos Aires : |b Aique, |c 1989 | ||
| 300 | |a 16 p. | ||
| 490 | 0 | |a La bibliotequita | |
| 653 | |a Biblioteca maría de los angeles saggio | ||
| 653 | |a Educación primaria | ||
| 653 | |a Ciencias naturales-1º egb | ||
| 859 | |a CEMS |b BIB. CEMS - 11 de abril |h 372.85 |i T632 |p 23848.07 |t Ej.1 | ||
